Common Knowledge #36 - Statistics

General Stats
  • This quiz has been taken 740 times
  • The average score is 17 of 20
Answer Stats
Hint Answer % Correct
What type of flag indicates surrender? White Flag
96%
What is the world's most populous country? China
95%
What animal rests on a pirates shoulder? Parrot
94%
What is the most popular ice cream flavor in America? Vanilla
94%
What animated Disney movie featured an elephant with big ears? Dumbo
92%
In what country are Ferraris made? Italy
92%
What type of cheese is most commonly used on pizza? Mozzarella
92%
What are Casper and Slimer? Ghosts
91%
What animal is Moby Dick? Whale
91%
What country is Siberia a part of? Russia
86%
In what party game might you hear the phrase "Right Foot Blue"? Twister
86%
What do you call a six-sided polygon? Hexagon
85%
What kind of animal does mutton come from? Sheep
83%
What is produced when steel is struck against flint? A spark
82%
From what original language are the Romance languages derived? Latin
82%
What type of bird is often depicted with an olive branch in its beak? Dove
80%
What is the central religious text of Islam? Quran
79%
Who famously wore a dress made of meat? Lady Gaga
73%
What is a group of lions called? A Pride
70%
What is the lowest rank in the U.S. Army? Private
66%
No matching quizzes found
Score Distribution
Percent of People with Each Score
Percentile by Number Answered
Your Score History
You have not taken this quiz